Introduction to metric and topological spaces / (Record no. 4792)

MARC details
000 -LEADER
fixed length control field 00542nam a22001937a 4500
003 - CONTROL NUMBER IDENTIFIER
control field OSt
005 - DATE AND TIME OF LATEST TRANSACTION
control field 20220317094752.0
008 - FIXED-LENGTH DATA ELEMENTS--GENERAL INFORMATION
fixed length control field 160719b xxu||||| |||| 00| 0 eng d
020 ## - INTERNATIONAL STANDARD BOOK NUMBER
International Standard Book Number 0198531613
040 ## - CATALOGING SOURCE
Transcribing agency 040a
082 ## - DEWEY DECIMAL CLASSIFICATION NUMBER
Classification number 514.3
Item number SUT 1975
100 ## - MAIN ENTRY--PERSONAL NAME
Personal name Sutherland, W. A
9 (RLIN) 10308
245 ## - TITLE STATEMENT
Title Introduction to metric and topological spaces /
Statement of responsibility, etc. W. A. Sutherland
260 ## - PUBLICATION, DISTRIBUTION, ETC. (IMPRINT)
Place of publication, distribution, etc. Oxford
Name of publisher, distributor, etc. Clarendon press
Date of publication, distribution, etc. 1975
300 ## - PHYSICAL DESCRIPTION
Extent xiii, 181p;
Other physical details ill :
Dimensions 10 c,.
504 ## - BIBLIOGRAPHY, ETC. NOTE
Bibliography, etc Includes index
650 ## - SUBJECT ADDED ENTRY--TOPICAL TERM
Topical term or geographic name as entry element Topological spaces
9 (RLIN) 10309
942 ## - ADDED ENTRY ELEMENTS (KOHA)
Source of classification or shelving scheme Other/Generic Classification Scheme
Koha item type Open Shelf
Holdings
Withdrawn status Lost status Source of classification or shelving scheme Damaged status Not for loan Home library Current library Date acquired Source of acquisition Inventory number Total Checkouts Full call number Barcode Date last seen Price effective from Koha item type
    Other/Generic Classification Scheme     MUST Main Library MUST Main Library 19/07/2016   2005/24479   514.3 SUT 2004 2016-3292 19/07/2016 19/07/2016 Open Shelf
    Dewey Decimal Classification     MUST Main Library MUST Main Library 02/03/2020 Purchase 2005/24478   514.3 SUT 2004 2020-0612 02/03/2020 02/03/2020 Open Shelf
    Dewey Decimal Classification     MUST Main Library MUST Main Library 17/03/2022 Purchase 08/29746   514.3 SUT 1975 2022-0459 17/03/2022 17/03/2022 Open Shelf
    Dewey Decimal Classification     MUST Main Library MUST Main Library 17/03/2022 Purchase 07/29096   514.3 SUT 1975 2022-0460 17/03/2022 17/03/2022 Open Shelf